| 000 | 00622cam a2200145 4500500 | ||
|---|---|---|---|
| 005 | 20260208010539.0 | ||
| 041 | _afre | ||
| 042 | _adc | ||
| 100 | 1 | 0 |
_aHaber, Stéphane _eauthor |
| 245 | 0 | 0 | _aPierre V. Zima, Théorie critique du discours. La discursivité entre Adorno et le postmodernisme, Paris, L’Harmattan, 2003, coll. « Diagonale critique », 187 p. |
| 260 | _c2005. | ||
| 500 | _a15 | ||
| 786 | 0 | _nRevue philosophique de la France et de l'étranger | 130 | 1 | 2005-03-01 | p. 77u-130u | 0035-3833 | |
| 856 | 4 | 1 | _uhttps://shs.cairn.info/revue-philosophique-2005-1-page-77u?lang=fr&redirect-ssocas=7080 |
| 999 |
_c1657060 _d1657060 |
||